Особенности группового и индивидуального состава нефтей палеозоя и юры Томской области; Проблемы геологии и освоения недр; Т. 1

Detalles Bibliográficos
Parent link:Проблемы геологии и освоения недр=Problems of Geology and Subsurface Development: труды XXIV Международного симпозиума имени академика М. А. Усова студентов и молодых учёных, посвященного 75-летию Победы в Великой Отечественной войне, Томск, 6-10 апреля 2020 г./ Национальный исследовательский Томский политехнический университет, Инженерная школа природных ресурсов ; гл. ред. А. С. Боев ; под ред. Е. Ю. Пасечник.— , 2020
Т. 1.— 2020.— [С. 265-267]
Autor Principal: Чекменёва Д. В. Дарья Васильевна
Autor Corporativo: Национальный исследовательский Томский политехнический университет Институт природных ресурсов Центр подготовки и переподготовки специалистов нефтегазового дела Лаборатория геологии месторождений нефти и газа
Outros autores: Ларионова Е. В. Екатерина Владимировна (научный руководитель)
Summary:Заглавие с экрана
Idioma:ruso
Publicado: 2020
Series:Геология нефти и газа. Современные методы поисков и разведки углеводородного сырья. Геоинформационные системы в геологии нефти и газа
Subjects:
Acceso en liña:http://earchive.tpu.ru/handle/11683/62649
Formato: Electrónico Capítulo de libro
KOHA link:https://koha.lib.tpu.ru/cgi-bin/koha/opac-detail.pl?biblionumber=631330

MARC

LEADER 00000naa2a2200000 4500
001 631330
005 20231101133645.0
035 |a (RuTPU)RU\TPU\conf\33031 
035 |a RU\TPU\conf\33028 
090 |a 631330 
100 |a 20200826d2020 k y0rusy50 ca 
101 0 |a rus 
102 |a RU 
105 |a y z 100zy 
135 |a drcn ---uucaa 
181 0 |a i  
182 0 |a b 
200 1 |a Особенности группового и индивидуального состава нефтей палеозоя и юры Томской области  |f Д. В. Чекменёва  |g науч. рук. Е. В. Ларионова 
203 |a Текст  |c электронный 
225 1 |a Геология нефти и газа. Современные методы поисков и разведки углеводородного сырья. Геоинформационные системы в геологии нефти и газа 
230 |a 1 компьютерный файл (pdf; 2 202 Kb) 
300 |a Заглавие с экрана 
320 |a [Библиогр.: с. 267 (3 назв.)] 
461 1 |0 (RuTPU)RU\TPU\conf\32983  |t Проблемы геологии и освоения недр  |l Problems of Geology and Subsurface Development  |o труды XXIV Международного симпозиума имени академика М. А. Усова студентов и молодых учёных, посвященного 75-летию Победы в Великой Отечественной войне, Томск, 6-10 апреля 2020 г.  |o в 2 т.  |f Национальный исследовательский Томский политехнический университет, Инженерная школа природных ресурсов ; гл. ред. А. С. Боев ; под ред. Е. Ю. Пасечник  |d 2020 
463 1 |0 (RuTPU)RU\TPU\conf\32984  |t Т. 1  |v [С. 265-267]  |d 2020 
610 1 |a труды учёных ТПУ 
610 1 |a электронный ресурс 
610 1 |a особенности 
610 1 |a групповой состав 
610 1 |a нефти 
610 1 |a палеозой 
610 1 |a юра 
610 1 |a Томская область 
610 1 |a геохимические методы 
610 1 |a органические вещества 
610 1 |a флюиды 
610 1 |a нефтематеринские породы 
700 1 |a Чекменёва  |b Д. В.  |c химик-технолог  |c инженер-исследователь Томского политехнического университета  |f 1998-  |g Дарья Васильевна  |2 stltpush  |3 (RuTPU)RU\TPU\pers\46546 
702 1 |a Ларионова  |b Е. В.  |c химик  |c доцент Томского политехнического университета, кандидат химических наук  |f 1978-  |g Екатерина Владимировна  |2 stltpush  |4 727 
712 0 2 |a Национальный исследовательский Томский политехнический университет  |b Институт природных ресурсов  |b Центр подготовки и переподготовки специалистов нефтегазового дела  |b Лаборатория геологии месторождений нефти и газа  |h 5263  |2 stltpush  |3 (RuTPU)RU\TPU\col\19125 
801 2 |a RU  |b 63413507  |c 20200925  |g RCR 
856 4 |u http://earchive.tpu.ru/handle/11683/62649 
942 |c BK